000
00351nam a2200157Ia 4500
003
IT-RoPAU
008
120407s9999 xx 000 0 und d
040
_a
IT-RoPAU
040
_c
IT-RoPAU
100
_a
Abbrescia Domenico M.
245
_a
La Chiesa รจ un cenacolo
260
_a
Saggi ed Esperienze
300
_c
cm
490
_v
1
942
_c
BK
999
_c
10396
_d
10396